The horse dancer (Record no. 302767)
[ view plain ]
| 000 -LEADER | |
|---|---|
| fixed length control field | 01936ngm a22004812i 4500 |
| 005 - DATE AND TIME OF LATEST TRANSACTION | |
| control field | 20200320204840.0 |
| 007 - PHYSICAL DESCRIPTION FIXED FIELD--GENERAL INFORMATION | |
| fixed length control field | vd cvaizk |
| 008 - FIXED-LENGTH DATA ELEMENTS--GENERAL INFORMATION | |
| fixed length control field | 060417s2017 074 g ## vleng d |
| 020 ## - INTERNATIONAL STANDARD BOOK NUMBER | |
| Terms of availability | $18.99 |
| 024 1# - OTHER STANDARD IDENTIFIER | |
| Standard number or code | 031398263296 |
| 040 ## - CATALOGING SOURCE | |
| Language of cataloging | eng |
| Description conventions | rda |
| Modifying agency | MMLLC |
| 082 04 - DEWEY DECIMAL CLASSIFICATION NUMBER | |
| Classification number | [Fic] |
| Edition number | 23 |
| 245 04 - TITLE STATEMENT | |
| Title | The horse dancer |
| Medium | [videorecording] / |
| Statement of responsibility, etc | director Joel Paul Reisig. |
| 264 #2 - Production, Publication, Distribution, Manufacture, and Copyright Notice. | |
| Place of production, publication, distribution, manufacture | Old Saybrook, Connecticut : |
| Name of producer, publisher, distributor, manufacturer | www.micromarketing.org |
| 264 #1 - Production, Publication, Distribution, Manufacture, and Copyright Notice. | |
| Place of production, publication, distribution, manufacture | [Place of publication not identified?]: |
| Name of producer, publisher, distributor, manufacturer | [Vertical Entertainment], |
| Date of production, publication, distribution, manufacture, or copyr | [2017]. |
| 300 ## - PHYSICAL DESCRIPTION | |
| Extent | 1 videodisc (ca. 74 min.) : |
| Other physical details | sd., col. ; |
| Dimensions | 4 3/4 in. |
| 336 ## - Content Type | |
| Content type term | two-dimensional moving image |
| 337 ## - Media type | |
| Media type term | video |
| 338 ## - Carrier type | |
| Carrier type term | videodisc |
| 344 ## - | |
| -- | digital |
| -- | optical |
| -- | stereo |
| -- | rda |
| 346 ## - | |
| -- | NTSC |
| -- | rda |
| 347 ## - | |
| -- | video file |
| -- | DVD video |
| -- | region 1 |
| -- | rda |
| 500 ## - GENERAL NOTE | |
| General note | Widescreen edition. |
| 500 ## - GENERAL NOTE | |
| General note | [Typographic symbols and accents removed for systems compatibility.] |
| 508 1# - CREATION/PRODUCTION CREDITS NOTE | |
| Creation/production credits note | Director, Joel Paul Reisig. |
| 511 1# - PARTICIPANT OR PERFORMER NOTE | |
| Participant or performer note | Richard Karn, Jason London, Sophie Bolen. |
| 520 ## - SUMMARY, ETC. | |
| Summary, etc | A group of girls at Black River Horse Camp start a horse dancing team to raise money to save their camp. |
| 521 8# - TARGET AUDIENCE NOTE | |
| Target audience note | MPAA rating: G. |
| 538 ## - SYSTEM DETAILS NOTE | |
| System details note | DVD, color, widescreen, NTSC. |
| 546 ## - LANGUAGE NOTE | |
| Language note | Closed-captioned; English subtitles for the deaf and hard of hearing. |
| 546 ## - LANGUAGE NOTE | |
| Language note | English audio. |
| 588 ## - | |
| -- | Title and description based on researched data; resource not viewed. |
| 650 #0 - SUBJECT ADDED ENTRY--TOPICAL TERM | |
| Topical term or geographic name as entry element | Horses |
| Form subdivision | Drama. |
| 9 (RLIN) | 5689230 |
| 650 #0 - SUBJECT ADDED ENTRY--TOPICAL TERM | |
| Topical term or geographic name as entry element | Camps |
| Form subdivision | Drama. |
| 9 (RLIN) | 5949148 |
| 655 #7 - INDEX TERM--GENRE/FORM | |
| Genre/form data or focus term | Feature films. |
| Source of term | lcgft |
| 9 (RLIN) | 5949149 |
| 700 1# - ADDED ENTRY--PERSONAL NAME | |
| Personal name | Karn, Richard. |
| 9 (RLIN) | 48137 |
| 700 1# - ADDED ENTRY--PERSONAL NAME | |
| Personal name | London, Jason. |
| 9 (RLIN) | 66471 |
| 700 1# - ADDED ENTRY--PERSONAL NAME | |
| Personal name | Bolen, Sophie. |
| 9 (RLIN) | 5906560 |
| 942 ## - ADDED ENTRY ELEMENTS (KOHA) | |
| Koha item type | DVD |
| 948 ## - LOCAL PROCESSING INFORMATION (OCLC); SERIES PART DESIGNATOR (RLIN) | |
| Series part designator, SPT (RLIN) | 08/16/2017 |
| z (OCLC) | Sirsi |
| 949 ## - LOCAL PROCESSING INFORMATION (OCLC) | |
| n | www.MicroMarketing.org 800-229-9887 |
| 996 ## - | |
| -- | 143723 |
| -- | 34301001532045 |
| -- | DVD |
| -- | DVD |
| -- | wcl |
| -- | i |
| -- | 19 |
| -- | 14.95 |
| -- | micro |
| -- | Hor |
| -- | 08/16/2017 |
| -- | 12/09/2019 |
| -- | 11/22/2019 |
| Withdrawn status | Lost status | Source of classification or shelving scheme | Damaged status | Not for loan | Collection code | Home library | Current library | Shelving location | Date acquired | Source of acquisition | Cost, normal purchase price | Total Checkouts | Total Renewals | Full call number | Barcode | Date last seen | Date checked out | Cost, replacement price | Price effective from | Koha item type |
|---|---|---|---|---|---|---|---|---|---|---|---|---|---|---|---|---|---|---|---|---|
| Dewey Decimal Classification | Movies | Wasatch County Library | Wasatch County Library | Audio Visual Area | 08/16/2017 | 14.95 | 29 | 13 | DVD Hor | 34301001532045 | 08/07/2025 | 07/28/2025 | 14.95 | 03/20/2020 | DVD |
